000
00307nam a2200121Ia 4500
008
230907s9999||||xx |||||||||||||| ||und||
082
_a
541
_b
LEV
100
_a
Levine, Ira N.,
_9
77331
245
0
_a
Physical chemistry /
260
_a
McGraw-Hill,
_b
Boston :
_c
2009
300
_a
xviii, 989 p. :
942
_c
BK
999
_c
598908
_d
598908